[Event "USA tt"]
[Site "ICC INT"]
[Date "2015.09.08"]
[Round "3"]
[White "Narayanan, Saumik"]
[Black "Heredia Serrano, Carla Sofia"]
[Result "0-1"]
[WhiteElo "1767"]
[BlackElo "2158"]
[PlyCount "130"]
[EventDate "2015.08.25"]
[EventType "team-swiss"]
[EventRounds "10"]
[EventCountry "USA"]
[SourceTitle "EXT 2016"]
[Source "ChessBase"]
[SourceDate "2015.10.08"]
[SourceVersion "1"]
[SourceVersionDate "2015.10.08"]
[SourceQuality "1"]
[WhiteTeam "Minnesota"]
[BlackTeam "Lubbock"]
[WhiteTeamCountry "USA"]
[BlackTeamCountry "USA"]

1. d4 Nf6 2. c4 e5 3. dxe5 Ng4 4. Nf3 Bc5 5. e3 Nc6 6. b3 0-0 7. Bb2 Re8 8. Be2 a5 9. 0-0 Ncxe5 10. Nxe5 Nxe5 11. Nd2 Ra6 12. Nf3 Nxf3+ 13. Bxf3 Rh6 14. g3 d6 15. Bg4 Re4 16. Bxc8 Qxc8 17. Qf3 Qh3 18. Qg2 Qe6 19. Rad1 Rg6 20. Bd4 b6 21. Bxc5 bxc5 22. Rd5 a4 23. Rfd1 h6 24. Qf3 Rf6 25. Qe2 a3 26. R1d2 g5 27. Qd1 g4 28. Qc1 Qe8 29. Re2 Qa8 30. Qc3 Rfe6 31. Qd2 Kg7 32. Qc3+ Kg6 33. Qd3 f5 34. Qc2 h5 35. h4 gxh3 36. Kh2 R4e5 37. Qd3 Qd8 38. Rxe5 Rxe5 39. e4 Qg5 40. exf5+ Qxf5 41. Qxf5+ Kxf5 42. Rxe5+ Kxe5 43. Kxh3 c6 44. Kh4 d5 45. Kxh5 d4 46. f4+ Kf5 47. g4+ Kxf4 48. g5 d3 49. g6 d2 50. g7 d1Q+ 51. Kg6 Qg4+ 52. Kf7 Qd7+ 53. Kf8 Qd8+ 54. Kf7 Ke3 55. g8Q Qxg8+ 56. Kxg8 Kd3 57. Kf7 Kc3 58. Ke6 Kb2 59. Kd6 Kxa2 60. Kxc6 Kxb3 61. Kxc5 a2 62. Kd5 a1Q 63. c5 Qa8+ 64. c6 Kb4 65. Kd6 Qc8 0-1